[Event "SVK-chT1W 2223"]
[Site "Slovakia"]
[Date "2022.12.03"]
[Round "5.7"]
[White "Krajnak, Robert"]
[Black "Salgovic, Simon"]
[Result "1/2-1/2"]
[WhiteElo "1932"]
[BlackElo "2001"]
[PlyCount "65"]
[EventDate "2022.10.15"]
[EventType "team-tourn"]
[EventRounds "11"]
[EventCountry "SVK"]
[SourceTitle "EXT 2024"]
[Source "ChessBase"]
[SourceDate "2023.10.10"]
[SourceVersion "1"]
[SourceVersionDate "2023.10.10"]
[SourceQuality "1"]
[WhiteTeam "Bratislava Lokomotiva"]
[BlackTeam "Bratislava Doprastav"]
[WhiteTeamCountry "SVK"]
[BlackTeamCountry "SVK"]

1. c4 Nf6 2. Nc3 e5 3. Nf3 e4 4. Ng5 c6 5. Ngxe4 Nxe4 6. Nxe4 d5 7. cxd5 cxd5 8. Nc3 d4 9. Nb1 Nc6 10. d3 Bf5 11. Nd2 Bb4 12. a3 Bxd2+ 13. Qxd2 0-0 14. Qg5 Qd7 15. g4 Bg6 16. f4 f6 17. Qh4 Rae8 18. Kf2 Bf7 19. Qg3 Bd5 20. Rg1 Re7 21. Bd2 Rfe8 22. Re1 f5 23. h3 Re3 24. Qh2 Qe7 25. g5 b6 26. Rg3 Qd6 27. Rf3 Bxf3 28. Bxe3 dxe3+ 29. Kxf3 Qd5+ 30. Kg3 Nd4 31. Qg2 Qe6 32. h4 Rc8 33. Qb7 1/2-1/2

[Event "Bratislava Slovakia op"]
[Site "Bratislava"]
[Date "2022.10.01"]
[Round "4"]
[White "Kushko, Dmitriy"]
[Black "Krajnak, Robert"]
[Result "1-0"]
[WhiteElo "2302"]
[BlackElo "1931"]
[PlyCount "55"]
[EventDate "2022.09.30"]
[EventType "swiss (rapid)"]
[EventRounds "9"]
[EventCountry "SVK"]
[SourceTitle "CBM 210 Extra"]
[Source "ChessBase"]
[SourceDate "2022.11.30"]
[SourceVersion "1"]
[SourceVersionDate "2022.11.30"]
[SourceQuality "1"]

1. g3 c5 2. Bg2 Nf6 3. Nf3 e6 4. 0-0 Be7 5. c4 0-0 6. d4 cxd4 7. Nxd4 a6 8. Nc3 d6 9. e4 Qc7 10. Be3 Rd8 11. Rc1 Bf8 12. g4 Nc6 13. g5 Nd7 14. Nd5 Qb8 15. Nc3 Nxd4 16. Bxd4 b5 17. cxb5 axb5 18. b4 Ba6 19. f4 Nb6 20. Qh5 Nc4 21. Rf3 e5 22. Nd5 exd4 23. Nf6+ gxf6 24. gxf6 Kh8 25. Rg3 d5 26. Qg5 Bh6 27. Qxh6 Rg8 28. Rg7 1-0

[Event "Bratislava Slovakia op"]
[Site "Bratislava"]
[Date "2022.09.30"]
[Round "2"]
[White "Kostolansky, Sebastian Lukas"]
[Black "Krajnak, Robert"]
[Result "1-0"]
[WhiteElo "2398"]
[BlackElo "1931"]
[PlyCount "53"]
[EventDate "2022.09.30"]
[EventType "swiss (rapid)"]
[EventRounds "9"]
[EventCountry "SVK"]
[SourceTitle "CBM 210 Extra"]
[Source "ChessBase"]
[SourceDate "2022.11.30"]
[SourceVersion "1"]
[SourceVersionDate "2022.11.30"]
[SourceQuality "1"]

1. e4 c5 2. Nf3 e6 3. d4 cxd4 4. Nxd4 Nc6 5. Nc3 d6 6. g4 Nge7 7. Be3 Nxd4 8. Qxd4 Nc6 9. Qd2 Be7 10. 0-0-0 b5 11. g5 a6 12. Kb1 b4 13. Na4 Rb8 14. f4 Qa5 15. b3 0-0 16. h4 Bd7 17. h5 Rfc8 18. Qf2 Bd8 19. g6 Ne7 20. gxf7+ Kf8 21. Nc5 Bc6 22. Nxe6+ Kxf7 23. Rxd6 Bc7 24. Rxc6 Nxc6 25. Bc4 Ke7 26. Qh4+ g5 27. hxg6+ 1-0

[Event "SVK-chT1W 2122"]
[Site "Slovakia"]
[Date "2022.05.14"]
[Round "10.8"]
[White "Krajnak, Robert"]
[Black "Moravcik, Rastislav"]
[Result "1/2-1/2"]
[WhiteElo "1954"]
[BlackElo "1925"]
[PlyCount "39"]
[EventDate "2021.11.06"]
[EventType "team-tourn"]
[EventRounds "11"]
[EventCountry "SVK"]
[SourceTitle "EXT 2023"]
[Source "ChessBase"]
[SourceDate "2022.10.05"]
[SourceVersion "1"]
[SourceVersionDate "2022.10.05"]
[SourceQuality "1"]
[WhiteTeam "Bratislava Doprastav"]
[BlackTeam "Topolcany"]
[WhiteTeamCountry "SVK"]
[BlackTeamCountry "SVK"]

1. c4 Nf6 2. Nc3 g6 3. g3 Bg7 4. Bg2 0-0 5. Nf3 d6 6. 0-0 c6 7. d3 Nbd7 8. Nd2 a5 9. Rb1 Qc7 10. a3 e5 11. b4 axb4 12. axb4 Re8 13. Qb3 Nf8 14. Ba3 Ne6 15. e3 Bd7 16. b5 Nc5 17. Bxc5 dxc5 18. bxc6 Bxc6 19. Bxc6 bxc6 20. Nce4 1/2-1/2

[Event "SVK-chT2A 1920"]
[Site "Slovakia"]
[Date "2019.12.15"]
[Round "6.6"]
[White "Mikulas, Dusan"]
[Black "Krajnak, Robert"]
[Result "1/2-1/2"]
[WhiteElo "1989"]
[BlackElo "1990"]
[PlyCount "25"]
[EventDate "2019.10.26"]
[EventType "team-tourn"]
[EventRounds "11"]
[EventCountry "SVK"]
[SourceTitle "CBM 194 Extra"]
[Source "ChessBase"]
[SourceDate "2020.03.31"]
[SourceVersion "1"]
[SourceVersionDate "2020.03.31"]
[SourceQuality "1"]
[WhiteTeam "Bratislava Slovan IV"]
[BlackTeam "Bratislava Doprastav II"]
[WhiteTeamCountry "SVK"]
[BlackTeamCountry "SVK"]

1. e4 c5 2. Nf3 d6 3. d4 cxd4 4. Nxd4 Nf6 5. Nc3 Nc6 6. Nxc6 bxc6 7. Bd3 e5 8. 0-0 Be7 9. f4 0-0 10. Kh1 Rb8 11. Rb1 Qb6 12. fxe5 dxe5 13. Bg5 1/2-1/2

[Event "SVK-chT1W 1920"]
[Site "Slovakia"]
[Date "2019.11.09"]
[Round "3.7"]
[White "Szabo, Viktor"]
[Black "Krajnak, Robert"]
[Result "1/2-1/2"]
[WhiteElo "1487"]
[BlackElo "2008"]
[PlyCount "76"]
[EventDate "2019.10.12"]
[EventType "team-tourn"]
[EventRounds "11"]
[EventCountry "SVK"]
[SourceTitle "CBM 193 Extra"]
[Source "ChessBase"]
[SourceDate "2020.01.31"]
[SourceVersion "1"]
[SourceVersionDate "2020.01.31"]
[SourceQuality "1"]
[WhiteTeam "Orechova Poton"]
[BlackTeam "Bratislava Doprastav"]
[WhiteTeamCountry "SVK"]
[BlackTeamCountry "SVK"]

1. e4 c5 2. Nf3 e6 3. c4 d5 4. cxd5 exd5 5. exd5 Nf6 6. Nc3 Nxd5 7. Bc4 Nb6 8. Bb3 Nc6 9. h3 Be7 10. 0-0 0-0 11. Re1 Bf5 12. Bc2 Bxc2 13. Qxc2 Rc8 14. Qd1 Bf6 15. Ne4 Nd4 16. Nxf6+ Qxf6 17. Nxd4 Qxd4 18. Rb1 Qd3 19. Ra1 Nd5 20. b3 Nb4 21. Re3 Qc2 22. Qe2 Rcd8 23. Rc3 Rde8 24. Qg4 Qg6 25. Qxg6 hxg6 26. a3 Nd5 27. Rd3 Rd8 28. g3 Ne7 29. Rxd8 Rxd8 30. Kf1 Nf5 31. Rb1 Nd4 32. Rb2 f6 33. h4 Kf7 34. d3 Nf3 35. Ke2 Ne5 36. Rd2 Ke6 37. Bb2 Kf5 38. d4 cxd4 1/2-1/2

[Event "Modra Arisan (Women) IM"]
[Site "Modra"]
[Date "2019.09.20"]
[Round "8"]
[White "Krajnak, Robert"]
[Black "Mayrhuber, Nikola"]
[Result "1/2-1/2"]
[WhiteElo "2025"]
[BlackElo "1991"]
[PlyCount "81"]
[EventDate "2019.09.14"]
[EventType "tourn"]
[EventRounds "9"]
[EventCountry "SVK"]
[SourceTitle "EXT 2020"]
[Source "ChessBase"]
[SourceDate "2019.10.17"]
[SourceVersion "1"]
[SourceVersionDate "2019.10.17"]
[SourceQuality "1"]

1. c4 e6 2. d4 d5 3. Nc3 Nf6 4. Bg5 Nbd7 5. e3 c6 6. cxd5 exd5 7. Bd3 h6 8. Bh4 Bd6 9. Nge2 0-0 10. Bg3 Bxg3 11. Nxg3 Re8 12. 0-0 a5 13. a3 Qe7 14. Rb1 g6 15. b4 axb4 16. axb4 b5 17. Nce2 Nb6 18. Nf4 Nc4 19. Kh1 Bd7 20. Re1 Ng4 21. Re2 Qh4 22. Nh3 Nf6 23. Ng1 Bg4 24. Nf3 Bxf3 25. gxf3 Nh7 26. Qg1 Kh8 27. Qg2 Ra3 28. Bc2 Qf6 29. Rg1 Ng5 30. f4 Nh7 31. Qh3 Nd6 32. Qxh6 Ne4 33. Bxe4 dxe4 34. Rc2 Rb3 35. Rgc1 Qg7 36. Qh3 Kg8 37. Rxc6 Nf6 38. Qh4 Re6 39. Rxe6 fxe6 40. Qh3 Qe7 41. Qg2 1/2-1/2

[Event "Modra Arisan (Women) IM"]
[Site "Modra"]
[Date "2019.09.17"]
[Round "4"]
[White "Krajnak, Robert"]
[Black "Spiranec, Noemi"]
[Result "0-1"]
[WhiteElo "2025"]
[BlackElo "2084"]
[PlyCount "72"]
[EventDate "2019.09.14"]
[EventType "tourn"]
[EventRounds "9"]
[EventCountry "SVK"]
[SourceTitle "EXT 2020"]
[Source "ChessBase"]
[SourceDate "2019.10.17"]
[SourceVersion "1"]
[SourceVersionDate "2019.10.17"]
[SourceQuality "1"]

1. c4 c5 2. Nf3 Nc6 3. b3 Nf6 4. Bb2 e6 5. e3 d5 6. d3 Be7 7. a3 0-0 8. Be2 b6 9. 0-0 Bb7 10. Nbd2 Qc7 11. Qc2 e5 12. cxd5 Nxd5 13. Rac1 Rad8 14. Qb1 Qb8 15. Ne4 h6 16. Rfe1 f5 17. Ned2 Nf6 18. Bc3 Bd6 19. h3 b5 20. Red1 Rde8 21. Nf1 a6 22. N3d2 f4 23. Ne4 Nxe4 24. dxe4 Ne7 25. exf4 Rxf4 26. f3 Nc6 27. a4 b4 28. Bc4+ Kh8 29. Bd2 Rf6 30. Ne3 Nd4 31. Be1 Ref8 32. Qb2 Qc8 33. Bd5 Rg6 34. Kh2 Bxd5 35. Nxd5 Nxf3+ 36. gxf3 Rxf3 0-1

[Event "Modra Arisan (Women) IM"]
[Site "Modra"]
[Date "2019.09.17"]
[Round "5"]
[White "Miladinovic, Lena"]
[Black "Krajnak, Robert"]
[Result "1-0"]
[WhiteElo "2119"]
[BlackElo "2025"]
[PlyCount "93"]
[EventDate "2019.09.14"]
[EventType "tourn"]
[EventRounds "9"]
[EventCountry "SVK"]
[SourceTitle "EXT 2020"]
[Source "ChessBase"]
[SourceDate "2019.10.17"]
[SourceVersion "1"]
[SourceVersionDate "2019.10.17"]
[SourceQuality "1"]

1. d4 Nf6 2. Nf3 b6 3. e3 e6 4. Bd3 d5 5. 0-0 Be7 6. b3 0-0 7. Bb2 c5 8. c4 Nc6 9. Nc3 Nb4 10. Be2 Ba6 11. Ne5 Rc8 12. a3 Nc6 13. cxd5 Bxe2 14. Qxe2 exd5 15. Rfd1 cxd4 16. Nxc6 Rxc6 17. Rxd4 Qc7 18. Nxd5 Nxd5 19. Rxd5 Rc2 20. Rd2 Rxb2 21. Rxb2 Rc8 22. Rd2 Bxa3 23. Rad1 Bf8 24. Rd7 Qb8 25. Qf3 f6 26. Qd5+ Kh8 27. g3 h6 28. Rd8 a5 29. Qd7 Rxd8 30. Qxd8 Qxd8 31. Rxd8 Kg8 32. Rb8 Kf7 33. Rxb6 Bb4 34. Kg2 g5 35. h3 Kg7 36. Kf3 Be1 37. Ke2 Bc3 38. Rc6 Bb4 39. f4 Kg6 40. Kf3 h5 41. e4 Kf7 42. fxg5 fxg5 43. Rh6 Bc3 44. Rxh5 Kg6 45. Kg4 Bd2 46. h4 gxh4 47. gxh4 1-0

[Event "SVK-chT2A 1718"]
[Site "Slovakia"]
[Date "2018.03.17"]
[Round "10.7"]
[White "Kubis, Ivan"]
[Black "Krajnak, Robert"]
[Result "0-1"]
[WhiteElo "1932"]
[BlackElo "1996"]
[PlyCount "72"]
[EventDate "2017.10.28"]
[EventType "team-tourn"]
[EventRounds "11"]
[EventCountry "SVK"]
[SourceTitle "EXT 2020"]
[Source "ChessBase"]
[SourceDate "2019.10.17"]
[SourceVersion "1"]
[SourceVersionDate "2019.10.17"]
[SourceQuality "1"]
[WhiteTeam "Gbely Nafta"]
[BlackTeam "Bratislava Doprastav"]
[WhiteTeamCountry "SVK"]
[BlackTeamCountry "SVK"]

1. e4 c5 2. Nf3 e6 3. d4 cxd4 4. Nxd4 Nc6 5. Nxc6 bxc6 6. c4 Nf6 7. Bd3 d5 8. cxd5 cxd5 9. e5 Nd7 10. f4 Bc5 11. Nc3 0-0 12. Na4 Qa5+ 13. Bd2 Bb4 14. Nc3 Nc5 15. Bc2 d4 16. Nb1 d3 17. Bb3 Ne4 18. Bxb4 Qxb4+ 19. Nd2 Rb8 20. Rc1 Ba6 21. Rf1 Rfc8 22. Rf3 Rxc1 23. Qxc1 Rc8 24. Qd1 Nc5 25. a3 Qd4 26. Ba2 Qxb2 27. Bb1 Qxa3 28. f5 Qb2 29. fxe6 Qxe5+ 30. Kf2 Qxe6 31. Re3 Qf6+ 32. Nf3 Rd8 33. Qd2 h6 34. Ba2 Rb8 35. Kg1 Rb2 36. Qa5 Qb6 0-1

[Event "SVK-chT2A 1617"]
[Site "Slovakia"]
[Date "2016.10.08"]
[Round "1.8"]
[White "Krajnak, Robert"]
[Black "Zigo, Rastislav"]
[Result "1-0"]
[WhiteElo "2068"]
[BlackElo "1998"]
[PlyCount "138"]
[EventDate "2016.10.08"]
[EventType "team-tourn"]
[EventRounds "11"]
[EventCountry "SVK"]
[SourceTitle "CBM 175 Extra"]
[Source "ChessBase"]
[SourceDate "2016.12.12"]
[SourceVersion "1"]
[SourceVersionDate "2016.12.12"]
[SourceQuality "1"]
[WhiteTeam "Bratislava Doprastav"]
[BlackTeam "Sered MSK"]
[WhiteTeamCountry "SVK"]
[BlackTeamCountry "SVK"]

1. c4 e5 2. Nc3 Nf6 3. Nf3 d6 4. d3 Be7 5. g3 0-0 6. Bg2 Nc6 7. 0-0 Bg4 8. h3 Bd7 9. Rb1 a5 10. a3 Qc8 11. Kh2 Ne8 12. b4 axb4 13. axb4 f5 14. b5 Nb8 15. Nd5 Bd8 16. Qb3 Kh8 17. Bd2 Nf6 18. Ra1 Rxa1 19. Rxa1 c6 20. bxc6 bxc6 21. Nb6 Qb7 22. Rb1 Qxb6 23. Qxb6 Bxb6 24. Rxb6 Rc8 25. Bc1 Be8 26. Nd2 d5 27. Bb2 Nbd7 28. Rb7 e4 29. Nb3 h6 30. dxe4 fxe4 31. cxd5 cxd5 32. Nd4 Rb8 33. Rxb8 Nxb8 34. Nf5 Kh7 35. Ne7 Bf7 36. f3 Nbd7 37. Bd4 g5 38. Kg1 Be6 39. Kf2 h5 40. Be3 g4 41. fxg4 hxg4 42. h4 Kg7 43. Bd4 Kf7 44. Nc6 Kg6 45. Ne5+ Nxe5 46. Bxe5 Kf5 47. Bd4 Nh5 48. e3 Kg6 49. Bf1 Kf7 50. Bb5 Ke7 51. Bc6 Bf7 52. Bb7 Be6 53. Be5 Nf6 54. Ke2 Nd7 55. Bd4 Kd6 56. Kd2 Nb8 57. Kc3 Nc6 58. Bf6 Bf5 59. Bg7 Ne7 60. Bf8 Kc7 61. Bxe7 Kxb7 62. Kd4 Kc6 63. Ke5 Bg6 64. Kf4 Bh5 65. Kg5 Kd7 66. Kxh5 Kxe7 67. Kxg4 Ke6 68. Kf4 Kf6 69. g4 Ke6 1-0

[Event "SVK-chT2A 1516"]
[Site "Slovakia"]
[Date "2016.03.12"]
[Round "10.7"]
[White "Krajnak, Robert"]
[Black "Planka, Peter"]
[Result "1/2-1/2"]
[WhiteElo "2059"]
[BlackElo "1748"]
[PlyCount "55"]
[EventDate "2015.10.17"]
[EventType "team-tourn"]
[EventRounds "11"]
[EventCountry "SVK"]
[SourceTitle "EXT 2017"]
[Source "ChessBase"]
[SourceDate "2016.10.25"]
[SourceVersion "1"]
[SourceVersionDate "2016.10.25"]
[SourceQuality "1"]
[WhiteTeam "Bratislava Doprastav II"]
[BlackTeam "Skalica"]
[WhiteTeamCountry "SVK"]
[BlackTeamCountry "SVK"]

1. c4 e5 2. Nc3 Nf6 3. Nf3 d6 4. g3 Be7 5. d3 0-0 6. Bg2 c6 7. c5 h6 8. cxd6 Bxd6 9. 0-0 Be6 10. d4 exd4 11. Nxd4 Qc8 12. Nxe6 Qxe6 13. Qc2 Nbd7 14. Bd2 Rad8 15. Rae1 Bb8 16. a3 Rfe8 17. b4 Nb6 18. Bc1 Qc4 19. Bb2 Nbd5 20. e4 Nxc3 21. Qxc3 Qxc3 22. Bxc3 Be5 23. Bxe5 Rxe5 24. Rd1 Ree8 25. f3 Kf8 26. Kf2 Ke7 27. Ke2 Nd7 28. Bh3 1/2-1/2

[Event "SVK-chT1W 1516"]
[Site "Slovakia"]
[Date "2016.02.21"]
[Round "9.6"]
[White "Chovanec, Milan"]
[Black "Krajnak, Robert"]
[Result "1/2-1/2"]
[WhiteElo "2129"]
[BlackElo "2073"]
[PlyCount "114"]
[EventDate "2015.10.24"]
[EventType "team-tourn"]
[EventRounds "11"]
[EventCountry "SVK"]
[SourceTitle "EXT 2017"]
[Source "ChessBase"]
[SourceDate "2016.10.25"]
[SourceVersion "1"]
[SourceVersionDate "2016.10.25"]
[SourceQuality "1"]
[WhiteTeam "Povazska Bystrica"]
[BlackTeam "Bratislava Doprastav"]
[WhiteTeamCountry "SVK"]
[BlackTeamCountry "SVK"]

1. e4 c5 2. Nc3 Nc6 3. f4 e6 4. Nf3 d6 5. Bb5 Nge7 6. 0-0 a6 7. Bxc6+ Nxc6 8. d3 Be7 9. Qe1 0-0 10. Bd2 b5 11. g4 b4 12. Nd1 a5 13. f5 d5 14. exd5 exd5 15. Qg3 Re8 16. Nf2 Bf6 17. Rab1 Nd4 18. Nxd4 Bxd4 19. Rfe1 Rxe1+ 20. Bxe1 Bb7 21. Bd2 Qb6 22. Kf1 c4 23. b3 Qc6 24. Re1 Ba6 25. Be3 Bc3 26. Re2 cxb3 27. axb3 a4 28. bxa4 Qxa4 29. Qf4 Re8 30. Bd2 Qa1+ 31. Kg2 Rf8 32. Bxc3 Qxc3 33. Qe5 Qc6 34. Kg3 h6 35. h4 Bb5 36. Nh3 b3 37. cxb3 Bxd3 38. Re3 Be4 39. Rc3 Qa8 40. Nf2 d4 41. Qxd4 Qb8+ 42. Kh3 Ba8 43. f6 Qb7 44. Rg3 g6 45. Qe3 Qa6 46. Ne4 Rc8 47. Rg1 Bxe4 48. Qxe4 Qxf6 49. Rg3 Rc1 50. Rf3 Qd8 51. Qf4 Rc7 52. Qxh6 Qd1 53. Qf4 Qh1+ 54. Kg3 Qg1+ 55. Kh3 Qh1+ 56. Kg3 Qe1+ 57. Kh3 Qh1+ 1/2-1/2

[Event "SVK-chT2A 1516"]
[Site "Slovakia"]
[Date "2016.02.14"]
[Round "9.6"]
[White "Kolman, Richard"]
[Black "Krajnak, Robert"]
[Result "0-1"]
[WhiteElo "2070"]
[BlackElo "2059"]
[PlyCount "72"]
[EventDate "2015.10.17"]
[EventType "team-tourn"]
[EventRounds "11"]
[EventCountry "SVK"]
[SourceTitle "EXT 2017"]
[Source "ChessBase"]
[SourceDate "2016.10.25"]
[SourceVersion "1"]
[SourceVersionDate "2016.10.25"]
[SourceQuality "1"]
[WhiteTeam "Bratislava DP"]
[BlackTeam "Bratislava Doprastav II"]
[WhiteTeamCountry "SVK"]
[BlackTeamCountry "SVK"]

1. d4 Nf6 2. c4 e6 3. a3 c5 4. Nf3 cxd4 5. Nxd4 a6 6. g3 Qc7 7. b3 b6 8. Bg2 Bb7 9. Bxb7 Qxb7 10. 0-0 Be7 11. Bb2 0-0 12. Nd2 d6 13. Rc1 Nbd7 14. Re1 Rfc8 15. e4 b5 16. cxb5 Rxc1 17. Bxc1 axb5 18. Qe2 b4 19. a4 Rc8 20. Nc4 Nc5 21. e5 dxe5 22. Nxe5 Qd5 23. Ndc6 Bf8 24. Qb5 Qxb3 25. a5 Qc3 26. Qxb4 Qxb4 27. Nxb4 Nb3 28. Nbc6 Nxa5 29. Na7 Rc7 30. Be3 Nd5 31. Nb5 Rb7 32. Nd4 Nb3 33. Rb1 Nc5 34. Rxb7 Nxb7 35. Nc4 Nxe3 36. fxe3 Bc5 0-1

[Event "SVK-chT2A 1516"]
[Site "Slovakia"]
[Date "2015.10.18"]
[Round "2.6"]
[White "Krajnak, Robert"]
[Black "Kucera, Michal"]
[Result "1-0"]
[WhiteElo "2059"]
[BlackElo "1871"]
[PlyCount "115"]
[EventDate "2015.10.17"]
[EventType "team-tourn"]
[EventRounds "11"]
[EventCountry "SVK"]
[SourceTitle "CBM 169 Extra"]
[Source "ChessBase"]
[SourceDate "2015.12.18"]
[SourceVersion "1"]
[SourceVersionDate "2015.12.18"]
[SourceQuality "1"]
[WhiteTeam "Bratislava Doprastav II"]
[BlackTeam "Devinska Nova Ves II"]
[WhiteTeamCountry "SVK"]
[BlackTeamCountry "SVK"]

1. c4 e5 2. Nc3 Nf6 3. Nf3 Nc6 4. d3 h6 5. g3 d5 6. cxd5 Nxd5 7. Bg2 Be6 8. 0-0 Be7 9. Bd2 0-0 10. Rc1 Nb6 11. a4 a6 12. Ne4 Nd7 13. Be3 Nb4 14. Nc5 Nxc5 15. Bxc5 f6 16. Bxe7 Qxe7 17. Nh4 Rfb8 18. d4 Rd8 19. Bxb7 Rab8 20. Bg2 Rxd4 21. Qe1 a5 22. Qc3 Rd7 23. Qe3 Nd5 24. Qa7 Rxb2 25. Qxa5 Rxe2 26. Rfd1 Nb6 27. Qb5 Rdd2 28. Rxd2 Rxd2 29. a5 Nd5 30. a6 Nb6 31. Ra1 Bc4 32. Qc6 Qd8 33. h3 Rd1+ 34. Rxd1 Qxd1+ 35. Kh2 Bd5 36. Qxc7 Bxg2 37. Nxg2 Qd4 38. a7 Kh7 39. Qxb6 Qxb6 40. a8Q Qxf2 41. Qe4+ Kg8 42. Qa8+ Kh7 43. Qe4+ Kg8 44. h4 Qa2 45. h5 Qd2 46. Kh3 Qd1 47. g4 Kf8 48. Ne3 Qe2 49. Qa8+ Kf7 50. Qb7+ Kf8 51. Qc8+ Kf7 52. Qc4+ Qxc4 53. Nxc4 g6 54. Ne3 gxh5 55. gxh5 Ke6 56. Kg4 Kd6 57. Kf5 Kc5 58. Kxf6 1-0

[Event "SVK-chT2A 1516"]
[Site "Slovakia"]
[Date "2015.10.17"]
[Round "1.6"]
[White "Macko, Peter"]
[Black "Krajnak, Robert"]
[Result "1/2-1/2"]
[WhiteElo "2136"]
[BlackElo "2059"]
[PlyCount "24"]
[EventDate "2015.10.17"]
[EventType "team-tourn"]
[EventRounds "11"]
[EventCountry "SVK"]
[SourceTitle "CBM 169 Extra"]
[Source "ChessBase"]
[SourceDate "2015.12.18"]
[SourceVersion "1"]
[SourceVersionDate "2015.12.18"]
[SourceQuality "1"]
[WhiteTeam "Bratislava KSN"]
[BlackTeam "Bratislava Doprastav II"]
[WhiteTeamCountry "SVK"]
[BlackTeamCountry "SVK"]

1. e4 c5 2. Nf3 e6 3. d4 cxd4 4. Nxd4 Nc6 5. Nc3 d6 6. f4 Nf6 7. Nb3 Be7 8. Be3 a6 9. Qf3 Qc7 10. g4 Nd7 11. 0-0-0 b5 12. Bd3 Nb6 1/2-1/2

[Event "SVK-chT 1415"]
[Site "Slovakia"]
[Date "2015.02.21"]
[Round "7.1"]
[White "Krajnak, Robert"]
[Black "Ruckschloss, Karol"]
[Result "1/2-1/2"]
[WhiteElo "2103"]
[BlackElo "2207"]
[PlyCount "69"]
[EventDate "2014.10.25"]
[EventType "team-tourn"]
[EventRounds "11"]
[EventCountry "SVK"]
[SourceTitle "EXT 2016"]
[Source "ChessBase"]
[SourceDate "2015.10.08"]
[SourceVersion "1"]
[SourceVersionDate "2015.10.08"]
[SourceQuality "1"]
[WhiteTeam "Bratislava Doprastav"]
[BlackTeam "Bratislava Slovan"]
[WhiteTeamCountry "SVK"]
[BlackTeamCountry "SVK"]

1. c4 e5 2. Nc3 Nc6 3. g3 g6 4. Bg2 Bg7 5. Rb1 f5 6. b4 Nf6 7. e3 0-0 8. d3 d6 9. b5 Ne7 10. Nge2 c5 11. bxc6 bxc6 12. 0-0 Bd7 13. Ba3 Qc7 14. Qa4 Rfb8 15. Rfc1 Rxb1 16. Rxb1 Rb8 17. Rxb8+ Qxb8 18. Qb4 Qxb4 19. Bxb4 Ne8 20. Kf1 Kf7 21. Ke1 g5 22. Kd2 Ke6 23. Ng1 Nf6 24. Nf3 h6 25. h4 g4 26. Ne1 Ng6 27. Nc2 c5 28. Ba5 f4 29. Bd5+ Ke7 30. Ne4 fxg3 31. fxg3 Bf5 32. Nxf6 Bxf6 33. e4 Bd7 34. Ne3 Nf8 35. Bg8 1/2-1/2

[Event "SVK-chT 1415"]
[Site "Slovakia"]
[Date "2014.11.22"]
[Round "3.7"]
[White "Krajnak, Robert"]
[Black "Sepesi, Samuel"]
[Result "1/2-1/2"]
[WhiteElo "2103"]
[BlackElo "2019"]
[PlyCount "69"]
[EventDate "2014.10.25"]
[EventType "team-tourn"]
[EventRounds "11"]
[EventCountry "SVK"]
[SourceTitle "EXT 2016"]
[Source "ChessBase"]
[SourceDate "2015.10.08"]
[SourceVersion "1"]
[SourceVersionDate "2015.10.08"]
[SourceQuality "1"]
[WhiteTeam "Bratislava Doprastav"]
[BlackTeam "Prakovce"]
[WhiteTeamCountry "SVK"]
[BlackTeamCountry "SVK"]

1. c4 c5 2. Nc3 g6 3. Nf3 Bg7 4. e3 Nf6 5. Be2 Nc6 6. 0-0 0-0 7. d3 d5 8. cxd5 Nxd5 9. Bd2 Ndb4 10. Qb1 Bf5 11. Ne4 Bxe4 12. dxe4 Qb6 13. Rc1 Ne5 14. Nxe5 Bxe5 15. f4 Rfd8 16. Be1 Bg7 17. a3 c4 18. Bxc4 Nd3 19. Bxd3 Qxe3+ 20. Bf2 Qxd3 21. Qxd3 Rxd3 22. e5 f6 23. Rc7 fxe5 24. Rxe7 exf4 25. Rxb7 Rd2 26. Rf1 Bxb2 27. Rxa7 Rc8 28. Ra4 g5 29. h4 h6 30. hxg5 hxg5 31. Ra5 Bf6 32. g3 Rcc2 33. gxf4 gxf4 34. Rf5 Be7 35. Rxf4 1/2-1/2